Advertisement control (Record no. 64089)

MARC details
000 -LEADER
fixed length control field 00895cam a2200181 4500
001 - CONTROL NUMBER
control field X107202
008 - FIXED-LENGTH DATA ELEMENTS--GENERAL INFORMATION
fixed length control field 000000n2000 000 0 eng u
035 ## - SYSTEM CONTROL NUMBER
System control number (Sirsi) u107202
245 ## - TITLE STATEMENT
Title Advertisement control
260 ## - PUBLICATION, DISTRIBUTION, ETC.
Date of publication, distribution, etc. 2000
490 ## - SERIES STATEMENT
Series statement Estates Gazette
Volume/sequential designation [2000] EGCS 74 (24/06/2000)
520 ## - SUMMARY, ETC.
Summary, etc. "Hertsmere BC v Reid Estates Ltd", QBD 15 June 2000. Council granting respondent express permission to display advertisement - advertisment to be kept in clean and tidy condition - express permission expiring - advertisement kept in unclean and untidy condition - whether advertisment subject of deemed consent - Town and Country Planning Act (Control of Advertisement) Regulations 1992.
650 ## - SUBJECT ADDED ENTRY--TOPICAL TERM
Topical term or geographic name entry element EXPRESS PERMISSION
650 ## - SUBJECT ADDED ENTRY--TOPICAL TERM
Topical term or geographic name entry element ADVERTISING HOARDINGS
650 ## - SUBJECT ADDED ENTRY--TOPICAL TERM
Topical term or geographic name entry element HERTSMERE BC V REID ESTATES
690 ## - LOCAL SUBJECT ADDED ENTRY--TOPICAL TERM (OCLC, RLIN)
Topical term or geographic name as entry element ENVIRONMENTAL AND LAND CONSULTANCY-PLANNING AND DEVELOPMENT
942 ## - ADDED ENTRY ELEMENTS (KOHA)
Suppress in OPAC 0
Holdings
Withdrawn status Lost status Source of classification or shelving scheme Damaged status Not for loan Home library Current library Shelving location Date acquired Total Checkouts Barcode Date last seen Copy number Price effective from Koha item type
    Dewey Decimal Classification     London London News article 18/07/2000   107202-1001 06/08/2019 1 06/08/2019 Law report